000 00417nam a22001697a 4500
003 UA-OsUOA
001 4276
007 ta
008 20050721b un ||||| |||| 00| 0 ukr d
100 _aЛебединская
700 _aБ. Я.
942 _cBK
040 _aUA-OsUOA
_cUA-OsUOA
_dUA-OsUOA
245 _aФонетический практикум по англ. яз.
_bPhonetics
955 _a2
650 7 _2UDC
999 _c290438
_d290438